¿Qué ciudad en Extremadura? - Estadísticas

Estadísticas generales
  • Esta prueba ha sido intentada 56 veces
  • La puntuación promedio es 12 de 16
Estadísticas de respuestas
Pista Inicial Respuesta % Correcto
Su teatro romano es Patrimonio de la Humanidad de la UNESCO M Mérida
98%
Su término municipal es el más extenso de toda España C Cáceres
96%
Atravesada por el Guadiana, hace frontera con Portugal por el oeste B Badajoz
94%
Perteneció a Portugal durante unos 500 años O Olivenza
86%
Aquí nació Robe Iniesta, vocalista de Extremoduro P Plasencia
86%
Población con un proyecto de fusión con la población anterior D Don Benito
84%
La estrella del baloncesto José Manuel Calderón nació aquí V Villanueva de la Serena
84%
Es la sede del Club Deportivo Extremadura A Almendralejo
82%
Su real monasterio es Patrimonio de la Humanidad de la UNESCO G Guadalupe
82%
Se encuentra en el valle homónimo, famoso por sus cerezos J Jerte
82%
Es sede de una prestigiosa Feria Internacional Ganadera desde el siglo XV Z Zafra
80%
Es la población natal de Francisco Pizarro y Francisco de Orellana T Trujillo
71%
Es la capital de la Siberia extremeña H Herrera del Duque
53%
Ciudad natal de Hernán Cortés, tiene un importante teatro romano M Medellín
53%
Está hermanada con una ciudad de Nuevo México con la que comparte nombre salvo por una letra A Alburquerque
47%
El grupo de música "Sanguijuelas del Guadiana" es natural de aquí C Casas de Don Pedro
31%
No se encontraron pruebas coincidentes
Distribución de puntuación
Porcentaje de gente con cada puntuación
Porcentaje por número respondido
Historial de tus puntuaciones
No has intentado esta prueba.